| Tag |
First Indicator |
Second Indicator |
Subfields |
| LEADER |
00000cam a2200000 a 4500 |
| 001 |
in00000075732 |
| 005 |
20151008053709.0 |
| 008 |
800102s1979 au g b 00010 eng d |
| 035 |
|
|
|a (OCoLC)05838430
|
| 035 |
|
|
|9 AAH8330AM
|
| 040 |
|
|
|a LRU
|c LRU
|d m.c.
|d TXA
|d UtOrBLW
|
| 049 |
|
|
|a TXAM
|c [1481713]
|
| 090 |
|
|
|a PR2485
|b .B55 1979
|
| 100 |
1 |
|
|a Dekker, Thomas,
|d approximately 1572-1632.
|
| 240 |
1 |
0 |
|a Blurt, Master Constable
|
| 245 |
1 |
2 |
|a A critical old-spelling edition of Thomas Dekker's Blurt, Master Constable (1602) /
|c by Thomas Leland Berger.
|
| 264 |
|
1 |
|a Salzburg, Austria :
|b Institut fur Anglistik und Amerikanistik, Universitat Salzburg,
|c 1979.
|
| 300 |
|
|
|a v, 215 pages :
|b music ;
|c 21 cm.
|
| 336 |
|
|
|a text
|b txt
|2 rdacontent
|
| 337 |
|
|
|a unmediated
|b n
|2 rdamedia
|
| 338 |
|
|
|a volume
|b nc
|2 rdacarrier
|
| 490 |
1 |
|
|a Jacobean drama studies ;
|v 83
|
| 490 |
1 |
|
|a Salzburg studies in English literature
|
| 500 |
|
|
|a A revision of the editor's thesis (Ph. D.)--Duke University, 1969.
|
| 504 |
|
|
|a Bibliography: pages 205-215.
|
| 700 |
1 |
|
|a Berger, Thomas L.
|
| 740 |
0 |
|
|a Blurt, Master Constable.
|
| 830 |
|
0 |
|a Salzburg studies in English literature.
|p Jacobean drama studies ;
|v 83.
|
| 830 |
|
0 |
|a Salzburg studies in English literature.
|
| 999 |
|
|
|a MARS
|
| 999 |
f |
f |
|s 4d90c4df-0151-3c5c-ad20-7f2fbade0e2b
|i 7804fbc9-faf0-3b65-b924-9bf2cc175296
|t 0
|
| 952 |
f |
f |
|p ric
|a Texas A&M University
|b Rellis Campus
|c Joint Library Facility
|d Remote Storage
|t 0
|e PR2485 .B55 1979
|h Library of Congress classification
|i unmediated -- volume
|m A14806183934
|
| 998 |
f |
f |
|a PR2485 .B55 1979
|t 0
|l Remote Storage
|